000 005310000a22001810004500
003 MACL
005 20160209145252.0
008 160209b xxu||||| |||| 00| 0 eng d
040 _aMACL
_cMACL
041 _aHindi
082 _a200
100 _aविवेकानन्‍द स्‍वामी
_936998
245 _aघर्मविज्ञान
260 _bश्रीरामकृष्‍ण आश्रम
_aनागपुर
350 _a1950
650 _aReligion
_937482
942 _cHIN
_k200
_2ddc
999 _c25093
_d25093